Loading...

Immunology /

Bibliographic Details
Main Author: Kuby, Janis
Format: Printed Book
Language:Undetermined
Published: New York : Wlt Freeman & Co , 1992.
Edition:6th ed.
Subjects:
LEADER 00582nam a2200181Ia 4500
001 176335
008 170722s9999 xx 000 0 und d
100 |a Kuby, Janis 
245 |a Immunology / 
250 |a 6th ed. 
260 |a New York :  |b Wlt Freeman & Co ,  |c 1992. 
300 |a xix, 585  |c 27cms 
500 |a Sixth ed. by KINDT(Thomas),etc. 
653 |a Immunology, Medicine 
923 |d 20120827  |n MBC-0841/1 
942 |c REF 
999 |c 147261  |d 147261 
952 |0 0  |1 0  |4 0  |6 L_456_P72R  |7 0  |8 R  |9 207692  |a LIB  |b LIB  |d 2013-03-25  |e Modern Book Centre  |o L:4:56 P72(R)  |p 286823  |r 2017-08-12  |w 2017-08-12  |y REF